Equipage de Big Mom - One Piece - Statistiques

Statistiques générales
  • Ce quiz a été pris 297 fois
  • Le résultat moyen est 23 sur 93
Statistiques - réponses
Rôle Membre % Correct
Capitaine Charlotte Linlin (Big Mom)
94%
Généraux sucrés Charlotte Katakuri
93%
Généraux sucrés Charlotte Cracker
90%
Généraux sucrés Charlotte Smoothie
90%
Enfant Charlotte Pudding
81%
Enfant Charlotte Perospero
77%
Enfant Charlotte Oven
75%
Enfant Charlotte Brûlée
68%
Enfant Charlotte Opera
66%
Enfant Charlotte Daifuku
65%
Enfant Charlotte Mont d'Or
65%
Ancien Homies Zeus
62%
Homies de Big Mom Napoléon
54%
Enfant Charlotte Amande
53%
Homies de Big Mom Prométhée
53%
Enfant Charlotte Compo
52%
Combattant Pekoms
52%
Ancien Membre Charlotte Chiffon
50%
Ancien Membre Charlotte Lola
46%
Ancien Membre Capone Bege
45%
Enfant Charlotte Compote
44%
Combattant Tamago
42%
Enfant Charlotte Galette
41%
Enfant Charlotte Flampe
40%
Homies de Big Mom Héra
36%
Enfant Charlotte Citron
33%
Homies décédé King Baum
29%
Enfant Charlotte Mascarpone
26%
Ancien Membre Charlotte Praline
26%
Enfant Charlotte Raisin
26%
Enfant Charlotte Bavarois
24%
Enfant Charlotte Joscarpone
24%
Combattant Bobbin "Le Fou"
23%
Enfant Charlotte Moscato
23%
Enfant Charlotte Poire
23%
Enfant Charlotte Cadenza
21%
Combattant Streusen
21%
Enfant Charlotte Effilée
20%
Enfant Charlotte Brownie
18%
Homies Randolph
18%
Enfant Charlotte Counter
16%
Enfant Charlotte Hachée
16%
Enfant Charlotte Cinnamon
15%
Enfant Charlotte Mondée
15%
Combattant Diesel
15%
Enfant Charlotte Broyé
14%
Enfant Charlotte Gala
14%
Enfant Charlotte Cabaletta
13%
Enfant Charlotte Noisette
13%
Enfant Charlotte Tablette
13%
Enfant Charlotte Custard
12%
Enfant Charlotte Joconde
12%
Enfant Charlotte Mont-Blanc
11%
Enfant Charlotte Angel
10%
Enfant Charlotte Nougat
10%
Enfant Charlotte Dacquoise
9%
Enfant Charlotte Mozart
9%
Homies Noble Croco
9%
Enfant Charlotte Basskarte
8%
Enfant Charlotte Dosmarché
8%
Enfant Charlotte Marble
8%
Enfant Charlotte Melise
8%
Enfant Charlotte Nyûji
8%
Enfant Charlotte Prim
8%
Enfant Charlotte Saint-Marc
8%
Enfant Charlotte Sucrage
8%
Enfant Charlotte Sucre
8%
Enfant Charlotte Zuccotto
8%
Homies de Big Mom Misery
8%
Homies de Pudding Nitro
8%
Homies de Pudding Rabiyan
8%
Enfant Charlotte Agar-Agar
7%
Enfant Charlotte Basans
7%
Enfant Charlotte High Fat
7%
Enfant Charlotte Mobile
7%
Enfant Charlotte Muscade
7%
Enfant Charlotte Muscadette
7%
Enfant Charlotte Muscadia
7%
Enfant Charlotte Nyûgo
7%
Enfant Charlotte Nyûshi
7%
Enfant Charlotte Chiboust
6%
Enfant Charlotte Mash
6%
Enfant Charlotte Muscadelle
6%
Enfant Charlotte Muscadine
6%
Enfant Charlotte Nyûichi
6%
Enfant Charlotte Panna
6%
Enfant Charlotte Corn Starch
5%
Enfant Charlotte Laurique
5%
Enfant Charlotte Marnier
5%
Enfant Charlotte Nyûan
5%
Enfant Charlotte Yu Yuan
5%
Enfant Charlotte Nusstorde
4%
Enfant Charlotte Mappie
3%
Aucun quiz correspondant
Distribution des résultats
% des personnes avec chaque résultat
Percentile par nombre de réponses
Votre historique - résultats
Vous n’avez pas pris ce quiz